000 01382cam a22003252 4500
001 0000025538
005 20151217154555.0
008 151022s xx 000 0 eng d
020 _a1454801993:
040 _aKABU
_cKABU
100 1 _aLoss, Louis.
_@0000186224
245 1 0 _aFundamentals of securities regulation /
_cLouis Loss.
250 _a6th ed.
260 _aNew York :
_bWolters Kluwer,
_c2011.
300 _axxxviii, 1085 p.
650 0 _aSecurities
_zUnited States.
_@0000152649
650 0 _aCorporations
_xFinance
_xLaw and legislation.
_@0000186225
852 1 _9p75500 KES
852 1 _9p75500 KES
852 1 _9p75500 KES
852 1 _9p75500 KES
852 1 _9p75500 KES
852 1 _9p75500 KES
852 1 _9p75500 KES
852 1 _9p75500 KES
852 1 _9p75500 KES
852 1 _9p75500 KES
908 _a151022
950 _@1
999 _c11785
_d11785